000 00403nam a2200181Ia 4500
001 7290
005 20260306160444.0
008 260306t2006||||xx |||||||||||||| ||spa||
041 _aESP
082 _a338.5
_bG78
100 _aGravelle, Hugh
_eAUT
245 0 _aMicroeconomĂ­a
260 _c2006
300 _a848 páginas :
_c25 cm.
650 _aGEN
654 _aCAN
942 _cLIB
_dJUS
_fJUS
_2ddc
_n
999 _c7290
_d7290